<?xml version="1.0" encoding="UTF-8"?>
<marc:record xmlns:marc="http://www.loc.gov/MARC21/slim">
   <marc:leader>00000nam a2200000 a 4500</marc:leader>
   <marc:datafield ind1="1" ind2=" " tag="100">
      <marc:subfield code="a">Farmer, Silke</marc:subfield>
      <marc:subfield code="4">aut</marc:subfield>
      <marc:subfield code="e">Verfasser/-in</marc:subfield>
   </marc:datafield>
   <marc:datafield ind1="0" ind2="0" tag="245">
      <marc:subfield code="a">Rega der kleine Riese &amp; die gestohlenen Zauberperlen</marc:subfield>
   </marc:datafield>
   <marc:datafield ind1=" " ind2="1" tag="264">
      <marc:subfield code="b">Fairyland Verlag</marc:subfield>
      <marc:subfield code="c">2019</marc:subfield>
   </marc:datafield>
   <marc:datafield ind1="1" ind2=" " tag="520">
      <marc:subfield code="a">Rega lebt in Arundia, im Reich der Riesen. Dort ist einiges los. Der Ketterschrek hat die Zauberperlen der Drachen stibitzt und nun sollen Rega und seine Schwester dabei helfen, sie zurück­zuholen.

Die Geschichte eines kleinen Helden, tiefer Freundschaft und eines großen Abenteuers!</marc:subfield>
   </marc:datafield>
   <marc:datafield ind1=" " ind2=" " tag="020">
      <marc:subfield code="a">9783950469929</marc:subfield>
      <marc:subfield code="9">9783950469929</marc:subfield>
   </marc:datafield>
</marc:record>
